| 000 | 00544nam a2200181Ia 4500 | ||
|---|---|---|---|
| 003 | GCL | ||
| 008 | 140319s9999 xx 000 0 eng d | ||
| 040 |
_aGCL / _cGCL |
||
| 082 | 0 | 4 |
_a923.1 _bS M |
| 100 | 1 | _aSONBOL, AMIRA EL-AZHARY | |
| 245 | 1 | 0 |
_aMEMORIES D'UN SOUVERAIN: PAR ABBAS HILMI 2: KHEDIVED D'EGYPT ( 1892 - 1914 ) / _cSONBOL, AMIRA EL-AZHARY |
| 260 |
_a[S.N] : _bC E D A E ، _c1996 |
||
| 300 | _a388 P | ||
| 650 | 0 | 4 | _aABBAS HILMI 1874 - 1944 |
| 650 | 0 | 4 | _aBIOGRAPHY |
| 650 | 0 | 4 | _aEGYPT - HISTORY - 1892 - 1914 |
| 942 |
_2ddc _cBK |
||
| 999 |
_c14167 _d14167 |
||